| 000 | 00735nam a2200205 i 4500 | ||
|---|---|---|---|
| 001 | 76390 | ||
| 003 | ES-MaACL | ||
| 005 | 20250729014020.0 | ||
| 007 | t| | ||
| 008 | 041001s1984 sp ||||1| spa d | ||
| 020 | _a84-505-0652-2 | ||
| 110 | 1 |
_aEspaña. _bDirección General de Bellas Artes, Archivos y Bibliotecas. _93705 |
|
| 245 | 1 | 0 |
_aGuía de los archivos estatales españoles _b: guía del investigador. |
| 260 |
_aMadrid : _bMinisterio de Cultura, Dirección General de Bellas Artes, Archivos y Bibliotecas, Subdirección General de Archivos, _c1984. |
||
| 300 |
_a244. : _bil. ; _c22 cm. |
||
| 500 | _aIndice. | ||
| 650 | 0 | 4 |
_aArchivos- _zEspaña _99953 |
| 852 |
_aES-MaACL _jL-11770 _bR.112760 |
||
| 999 |
_c76390 _d76390 |
||